000 00584cam a2200205 a 4500
001 3994998
005 20240304034045.0
008 960125s1995 ce a b 000 0ceng
020 _a9559579703
040 _aDLC
_cDLC
_dDLC
082 _222
_a323.334.
_bWOM.
100 1 _aWijesekera, Chitra.
245 1 0 _aWomen in our legislature :
_bA Sri-Lanka study from 1931 to 1977 /
_c Chitra Wijesekera.
250 _a1st ed.
260 _aRatmalana, Sri Lanka :
_bSarvodaya Vishva Lekha,
_c1995.
300 _axvi, 283 p. :
650 0 _aWomen legislators
650 0 _aWomen
942 _cL
999 _c537
_d537